Kagoshima City Tram Stops 鹿児島市電の駅 - Statistics

General Stats
  • This quiz has been taken 27 times
  • The average score is 25 of 36
Answer Stats
Line Stops % Correct
鹿児島中央駅前 Kagoshima Chuoeki-mae
92%
Line 1 鹿児島駅前 Kagoshimaeki-mae
92%
郡元 Korimoto
92%
天文館通 Tenmonkan-dori
92%
いづろ通 Izuro-dori
83%
鴨池 Kamoike
83%
谷山 Taniyama
83%
騎射場 Kishaba
75%
都通 Miyako-dori
75%
中洲通 Nakasu-dori
75%
涙橋 Namidabashi
75%
市役所前 Shiyakushomae
75%
高見馬場 Takamibaba
75%
高見橋 Takamibashi
75%
純心学園前 Junshingakuen-mae
67%
Line 2 加治屋町 Kajiyacho
67%
上塩屋 Kamishioya
67%
南鹿児島駅前 Minami Kagoshimaeki-mae
67%
二軒茶屋 Nikenjaya
67%
笹貫 Sasanuki
67%
神田(交通局前) Shinden (Kotsukyoku-mae)
67%
市立病院前 Shiritsubyoin-mae
67%
水族館口 Suizokukanguchi
67%
唐湊 Toso
67%
宇宿一丁目 Usuki 1-Chome
67%
脇田 Wakida
67%
荒田八幡 Aratahachiman
58%
朝日通 Asahi-dori
58%
工学部前 Kogakubu-mae
58%
郡元(南側) Korimoto(Minamigawa)
58%
中郡 Nakagori
58%
二中通 Nichu-dori
58%
桜島桟橋通 Sakurajimasanbashi-dori
58%
新屋敷 Shinyashiki
58%
武之橋 Takenohashi
58%
甲東中学校前 Kotochugakko-mae
50%
No matching quizzes found
Score Distribution
Percent of People with Each Score
Percentile by Number Answered
Your Score History
You have not taken this quiz